00249nam a2200109Ia 4500008004100000041000800041082001700049100001600066245002200082260002600104300000900130230627s9999 xx 000 0 und d aeng a345.026bJAG aJagdish Lal aIndian Penal Code bDelhi Law Housec1978 a170p